Most Adapted Authors (edited) - Statistics

General Stats
  • This quiz has been taken 263 times
  • The average score is 11 of 22
Answer Stats
Rank Author Selected Work % Correct
1. (831) William Shakespeare The Merchant of Venice
92%
3. (300) Charles Dickens Great Expectations
91%
22. (121) Mark Twain The Adventures of Huckleberry Finn
87%
15. (154) Leo Tolstoy War and Peace
86%
16. (150) Victor Hugo Les Misérables
86%
20. (126) Agatha Christie Murder on the Orient Express
83%
13. (181) Oscar Wilde A Picture of Dorian Gray
77%
7. (220) Arthur Conan Doyle The Hound of the Baskervilles
76%
18. (127) Stephen King Misery
68%
4. (243) Alexandre Dumas Man in the Iron Mask
58%
10. (212) The Brothers Grimm Snow White
54%
21. (124) L. Frank Baum The WIzard of Oz
52%
5. (240) Edgar Allan Poe The Tell-Tale Heart
50%
14. (177) Fyodor Dostoevsky Crime and Punishment
44%
17. (143) Jules Verne From the Earth to the Moon
41%
8. (217) Hans Christian Andersen The Snow Queen
39%
2. (320) Anton Chekhov Uncle Vanya
25%
6. (225) Robert Louis Stevenson Swiss Family Robinson
18%
11. (208) Molière The Bourgeois Gentleman
9%
12. (201) O. Henry The Ransom of Red Chief
7%
9. (214) Edgar Wallace The Four Just Men
1%
18. (127) Georges Simenon The Strangers in the House
1%
No matching quizzes found
Score Distribution
Percent of People with Each Score
Percentile by Number Answered
Your Score History
You have not taken this quiz